Random History - Statistics

General Stats
  • This quiz has been taken 27 times
  • The average score is 12 of 20
Answer Stats
Hint Answer % Correct
16) Who daringly crossed the Alps with his armyand elephants to surprise the Romans from the north? Hannibal
88%
12) What feared pirate was originally namedEdward Teach? Blackbeard
83%
1) What feared ruler was originallynamed Temüjin? Genghis Khan
83%
17) What city did Francisco Pizarro establish in 1535after defeating the Incan empire? Lima
83%
9) What document was King John forced to sign in 1215? Magna Carta
83%
4) What ethnic group hailed from thePyrenees border of Spain and France? Basque
79%
13) What Russian mystic was said to have beenpoisoned and drowned in a river? Rasputin
79%
10) What famous archer from English folklorelived in the Sherwood Forest in Nottinhamshire? Robin Hood
79%
20) What Austrian city was Mozart born in? Salzburg
79%
14) What megacity was originally named Bataviaby Dutch explorers? Jakarta
71%
7) What age did King Tutankhamen ascendto the throne? 9
67%
15) What mountain in eastern Turkey was NoahsArk said to have landed? Ararat
63%
2) What port was a penal colony forEnglish prisoners? Sydney
63%
19) What astronomical phenomenon was Mark Twain bornduring and die with? Halleys Comet
50%
3) Who was fatally struck in the eyeat the battle of Hastings in 1066? Harold Godwinson
46%
8) What empire did Christopher Columbussail for? Spain
46%
11) What Shoshone native helped Lewis andClark on their expedition to the Pacific? Sacagawea
42%
5) What origin is the festival of Samhain,associated with modern Halloween? Celtic
29%
6) What Chinese ruler was buried withthousands of terracotta clay warriors? Shi Huang
4%
18) What motto did John Wilkes Booth say after shootingpresident Lincoln at Fords Theater? Sic Semper Tyrranis
4%
No matching quizzes found
Score Distribution
Percent of People with Each Score
Percentile by Number Answered
Your Score History
You have not taken this quiz